000 00349nam a2200121Ia 4500
008 240731s9999 xx 000 0 und d
022 _a1940-0896
245 4 _aThe Journal of Genetic Psychology : Research and Theory on Human Development
260 _bRoutledge
856 _uhttps://www.tandfonline.com/loi/vgnt20
942 _2ddc
942 _cTFEJ
999 _c79982
_d79982
945 _a1
_bMadushi Gamage
_c1
_dMadushi Gamage